000 02894cam a2200313 a 4500
001 1145463
003 OSt
005 20220126153137.0
008 951012s1996 ne a b 101 0 eng
010 _a 95045695
020 _a0792338294 (acidfree paper)
040 _aDLC
_cDLC
_dDLC
043 _ae-ur---
050 0 0 _aT174.3.N35
082 0 0 _a338.94706
_220
111 2 _aNATO Advanced Research Workshop on Human Resources and Leadership for Technology Transfer between NATO Countries and Cooperation Partner Countries
_d(1994 :
_cAnkara, Turkey)
245 1 0 _aEast-West technology transfer :
_bnew perspectives and human resources. /
_cedited by George Bugliarello ... [et al.].
260 _aBoston :
_bKluwer Academic Publishers,
_c1996.
300 _axviii, 295 p. :
_bill. ;
_c25 cm.
440 0 _aNATO ASI series.
_nPartnership sub-series 4,
_pScience and technology policy ;
_vv. 3
500 _a"Proceedings of the NATO Advanced Research Workshop on Human Resources and Leadership for Technology Transfer between NATO Countries and Cooperation Partner Countries, Ankara, Turkey, July 18-21, 1994"--T.p. verso.
504 _aIncludes bibliographical references and index.
505 _aContents: Technology transfer: a paradigm -- Legal framework of the industrial economy -- A necessary evolution of the patent system -- Science and technology policy in Russia: a view from the Russian academy -- Social and political impact on Russia of the transfer of technologies from NATO countries -- The Personnel needs of Siberian industries and institutions for effective technology transfer -- Some aspects of technology transfer between Russia and Western countries -- Technology transfer problems for the republic of Kazakhstan -- Problems of technological renewal in the Kyrghyz republic -- Uzbekistan and its scientific potential for the utilization of its natural resources -- The Eastern European latecomer firm and technology transfer: from ' muddling through' to 'catching up' -- European union relations with central and eastern Europe and with the Commonwealth of independent states: the example of Central Asia -- Finnish experiences in technology transfer -- Technology transfer: a view from a market economy -- Swedish personnel and leadership experiences in technology transfer -- Technology transfer - some general remarks and notes on Turkey -- Aspects of technology transfer: U. S. policy and practice -- Biomedical engineering in the U.S: from basic research to commercial products and technology transfer -- Models in private technology transfer to developing nations --
650 0 _aTechnology transfer
_zFormer Soviet republics
_xCongresses.
700 1 _aBugliarello, George.
906 _a7
_bcbc
_corignew
_d1
_eocip
_f19
_gy-gencatlg
942 _2lcc
_cBK
999 _c8487
_d15987